Pie XII parle de santé mentale et de psychologie /

Guardado en:
Detalles Bibliográficos
Autor corporativo: Iglesia Católica. Papa (1939-1958 : Pío XII)
Otros autores: Krapf, E. Eduardo (prefacio) (prefacio)
Formato: Libro
Idioma:Francés
Publicado: Bruselas, Bélgica : Lumen Vitae, 1960
Etiquetas: Agrega una etiqueta
Sin etiquetas, Sé el primero en etiquetar este registro!

MARC

LEADER 00000nam^a2200000^a^4500
001 000576873
005 20250521000000.0
009 20260310132437.684
037 |a Acervo Xavier Clavigero 
041 |a FRA 
091 |a FIP. 00572 
110 |a Iglesia Católica.  |b Papa (1939-1958 : Pío XII) 
245 1 0 |a Pie XII parle de santé mentale et de psychologie / 
264 1 |a Bruselas, Bélgica :  |b Lumen Vitae,  |c 1960 
300 |a 135 p. 
336 |a texto  |b txt  |2 rdacontenido 
337 |a sin mediación  |b n  |2 rdamedio 
338 |a volumen  |b nc  |2 rdasoporte 
649 |a XX 
700 |a Krapf, E. Eduardo  |e (prefacio) 
910 |a Fondo Manuel Ignacio Pérez Alonso S.J. 
920 |a Impresos - Libros 
930 |a Fondos Especiales 
905 |a 140 
901 |a 0500404205  |b IT2  |c ESP  |i D  |u 20250521 
902 |a https://opac.biblio.iteso.mx/vufind/Record/000576873